| 000 | 00637nam a2200169 4500 | ||
|---|---|---|---|
| 001 | 136525 | ||
| 003 | ES-MaACL | ||
| 005 | 20230906195145.0 | ||
| 007 | t| | ||
| 008 | 070214s1973 sp r ||||1| spa d | ||
| 100 | 1 |
_aSáenz-Rico Urbina, Alfredo. _9101337 |
|
| 245 | 1 | 3 |
_aLa educación general en Cataluña durante el Trienio Constitucional _b: (1820-1823) / _cAlfredo Sènz-Rico Urbina. |
| 260 |
_aBarcelona : _bUniversidad. Departamento de Historia Contemporánea, _c1973. |
||
| 300 |
_a576 p. ; _c22 cm. |
||
| 710 | 2 |
_aUniversidad de Barcelona. _bDepartamento de Historia Contemporánea. _97143 |
|
| 852 |
_aES-MaACL _jA-8830 _bR.97807 |
||
| 999 |
_c136525 _d136525 |
||